000 00677cam a2200241 a 4500
001 000008779
005 20200929161416.0
008 960311s2000 cl 000 f spa d
020 _a8420481998
035 _a(SpBaP)pu 950011491
040 _aDO-SdBNP
_cDLC
_dBNPHU
082 _aCh863.44
_bD687d, 2000
100 1 _aDonoso, José,
_d1924-1996
_921513
245 1 0 _aDonde van a morir los elefantes /
_cJosé Donoso.
250 _a2a ed.
260 _aSantiago de Chile :
_bAlfaguara,
_c2000.
300 _a377 p. ;
_c22 cm.
650 4 _aNovela chilena
_93163
650 4 _aLiteratura chilena
_93164
910 _aCatalogación derivada
910 _aWM
049 _aBNGR
999 _c8548
_d8548